Management of construction projects (Record no. 115851)

MARC details
000 -LEADER
fixed length control field 00974cam a22002175a 4500
001 - CONTROL NUMBER
control field L159383
008 - FIXED-LENGTH DATA ELEMENTS--GENERAL INFORMATION
fixed length control field 170113s2015 xxk f 000 0 eng d
020 ## - INTERNATIONAL STANDARD BOOK NUMBER
International Standard Book Number 9781118555163
035 ## - SYSTEM CONTROL NUMBER
System control number (Sirsi) u159383
041 0# - LANGUAGE CODE
Language code of text/sound track or separate title eng
050 04 - LIBRARY OF CONGRESS CALL NUMBER
Classification number 692.8
100 1# - MAIN ENTRY--PERSONAL NAME
Personal name Cooke, Brian
245 00 - TITLE STATEMENT
Title Management of construction projects
260 ## - PUBLICATION, DISTRIBUTION, ETC.
Place of publication, distribution, etc. Chichester
Name of publisher, distributor, etc. Wiley Blackwell
Date of publication, distribution, etc. 2015
300 ## - PHYSICAL DESCRIPTION
Extent viii, 293p ; ill, 24 cm
520 ## - SUMMARY, ETC.
Summary, etc. Based on the author's personal observations of managing six construction projects including an hotel and office, factory, a co-operative office, school, retail unit with car park, a university building refurbishment and housing from commencement to completion with detailed case studies and illustrations. Looks at project planning, contracts, materials management, mechanical handling and risk assessment and managing building defects.
590 ## - LOCAL NOTE (RLIN)
Local note KA
651 #4 - SUBJECT ADDED ENTRY--GEOGRAPHIC NAME
Geographic name United Kingdom
Chronological subdivision
690 ## - LOCAL SUBJECT ADDED ENTRY--TOPICAL TERM (OCLC, RLIN)
Topical term or geographic name as entry element Construction management
9 (RLIN) 6230
942 ## - ADDED ENTRY ELEMENTS (KOHA)
Suppress in OPAC 0
Holdings
Withdrawn status Lost status Source of classification or shelving scheme Damaged status Not for loan Home library Current library Shelving location Date acquired Total Checkouts Full call number Barcode Date last seen Copy number Price effective from Koha item type
    Dewey Decimal Classification     London London Books 13/01/2017   692.8 COO 30079061 06/08/2019 1 06/08/2019 Book